[Event "Najdorf Memorial"]
[Site "Warszawa"]
[Date "2015.07.10"]
[Round "1.31"]
[White "Kukula, Pawel"]
[Black "Warakomski, Tomasz"]
[Result "0-1"]
[WhiteElo "2211"]
[BlackElo "2449"]
[Annotator ""]
[Source ""]
[Remark ""]

1.d4 Nf6 2.Nf3 e6 3.c4 b6 4.g3 Ba6 5.Qc2 Bb4+ 6.Nbd2 O-O 7.Bg2
c6 8.O-O d5 9.b3 Nbd7 10.a3 Be7 11.e4 Rc8 12.Rd1 c5 13.e5 Ne8
14.dxc5 Rxc5 15.a4 Rc7 16.Bb2 Qc8 17.Rac1 g6 18.Qb1 dxc4 19.Nxc4
Bxc4 20.bxc4 Nb8 21.Nd2 Ng7 22.Ne4 Rd8 23.Rxd8+ Qxd8 24.a5 Nf5
25.axb6 axb6 26.h3 Nc6 27.Kh2 Na5 28.Rd1 Qf8 29.Bc3 Nxc4 30.Qb5
Qc8 31.Bb4 Bxb4 32.Nf6+ Kh8 33.Qxb4 Nxe5 34.Qxb6 Nc4 35.Qb4 Kg7
36.Qc3 Nce3 37.Ne8+ Kg8 38.Nxc7 Nxd1 39.Qc5 Nxf2 40.Qb6 Qd8 41.Qa7
Nd1 42.Qa5 Nde3 43.g4 Nc4 44.Qc5 Nfe3 45.Qc6 Nxg2 46.Qxc4 Qd2
47.Qc6 Nh4+ 48.Kh1 Qe1+ 49.Kh2 Qf2+ 50.Kh1 Qf1+ 51.Kh2 Nf3+ 52.Kg3
Qg1+ 53.Kf4 g5+ 54.Ke4 Qe1+ 0-1

[Event "Najdorf Memorial"]
[Site "Warszawa"]
[Date "2015.07.10"]
[Round "1.32"]
[White "Krzyzanowski, Marcin"]
[Black "Dabrowska, Krystyna"]
[Result "1-0"]
[WhiteElo "2427"]
[BlackElo "2208"]
[Annotator ""]
[Source ""]
[Remark ""]

1.d4 Nf6 2.c4 e6 3.Nf3 b6 4.g3 Bb7 5.Bg2 Be7 6.O-O O-O 7.Re1
c5 8.d5 exd5 9.Nh4 g6 10.cxd5 d6 11.e4 Ne8 12.Nf3 f6 13.Bh6 Ng7
14.Nc3 Nd7 15.Ne2 Re8 16.Nf4 Nf8 17.h4 Qc7 18.Rc1 Rad8 19.Nd4
Qb8 20.Nc6 Bxc6 21.dxc6 Nge6 22.Qd5 1-0

[Event "Najdorf Memorial"]
[Site "Warszawa"]
[Date "2015.07.10"]
[Round "1.33"]
[White "Rozycki, Bartlomiej"]
[Black "Blahynka, Martin"]
[Result "0-1"]
[WhiteElo "2198"]
[BlackElo "2420"]
[Annotator ""]
[Source ""]
[Remark ""]

1.d4 Nf6 2.c4 e6 3.Nf3 b6 4.g3 Ba6 5.Bg2 Bxc4 6.Nc3 Ba6 7.Ne5
c6 8.Qa4 Be7 9.Bf4 O-O 10.O-O Bb7 11.Rac1 b5 12.Qb3 d6 13.Nd3
Qb6 14.Rfd1 Nbd7 15.e4 d5 16.e5 Ne8 17.Be3 Kh8 18.Ne2 Qa5 19.a3
Nb6 20.Nc5 Bxc5 21.dxc5 Nc4 22.Bd4 Qc7 23.Qc3 a5 24.Nf4 Bc8 25.Bf1
b4 26.axb4 axb4 27.Qe1 Na5 28.Qxb4 Rb8 29.Qa4 Nb3 30.Rb1 Qb7
31.Be3 Ra8 32.Qxa8 Qxa8 33.Rd3 Qa2 0-1

[Event "Najdorf Memorial"]
[Site "Warszawa"]
[Date "2015.07.10"]
[Round "1.34"]
[White "Rajlich, Iweta"]
[Black "Wisniowska, Klaudia"]
[Result "0-1"]
[WhiteElo "2409"]
[BlackElo "2186"]
[Annotator ""]
[Source ""]
[Remark ""]

1.d4 Nf6 2.g3 g6 3.Bg2 Bg7 4.e4 d6 5.Nc3 O-O 6.Nge2 Nc6 7.d5
Nb8 8.Be3 c6 9.Qd2 Ng4 10.Bd4 Ne5 11.Bxe5 Bxe5 12.h4 Qb6 13.h5
Qxb2 14.Rb1 Qa3 15.Rb3 Qa5 16.hxg6 fxg6 17.Qh6 Rf7 18.Bh3 Bxh3
19.Qxh3 Na6 20.dxc6 bxc6 21.Qd7 Nc5 22.Qxc6 Raf8 23.O-O Nxb3
24.cxb3 Qb6 25.Qxb6 axb6 26.Nd5 b5 27.f4 e6 28.Ne3 Bb2 29.Rb1
Bg7 30.Rd1 Rd7 31.Nd4 Bxd4 32.Rxd4 Rc8 33.Kf2 Kf7 34.Rb4 Rc5
35.Ke2 Ke7 36.Kd3 Ra7 37.a4 bxa4 38.bxa4 Rca5 39.Rb8 Rxa4 40.Nc4
Rc7 41.Nb6 Ra3+ 42.Kd4 Rxg3 43.Rh8 Kf6 44.Rf8+ Kg7 45.Re8 Kf7
46.Rh8 Rh3 47.Nc8 Rd7 48.Nb6 Rb7 49.Nc4 Rb4 50.Rc8 Ra4 51.Rc7+
Kf6 52.Rc6 Rb3 53.Rxd6 Rbb4 54.Rc6 h5 0-1

[Event "Najdorf Memorial"]
[Site "Warszawa"]
[Date "2015.07.10"]
[Round "1.35"]
[White "Chomczyk, Marek"]
[Black "Krysztofiak, Marcin"]
[Result "1/2-1/2"]
[WhiteElo "2165"]
[BlackElo "2400"]
[Annotator ""]
[Source ""]
[Remark ""]

1.d4 Nf6 2.c4 e6 3.Nc3 Bb4 4.Qc2 d6 5.a3 Bxc3+ 6.Qxc3 O-O 7.Bg5
Nbd7 8.Nf3 b6 9.e3 Bb7 10.Be2 c5 11.Nd2 Rc8 12.Bf3 Bxf3 13.Nxf3
Qc7 14.Rc1 cxd4 15.exd4 d5 16.b3 dxc4 17.bxc4 Ne4 18.Qd3 Nxg5 1/2-1/2

[Event "Najdorf Memorial"]
[Site "Warszawa"]
[Date "2015.07.10"]
[Round "1.36"]
[White "Vydeslaver, Alik"]
[Black "Kowalski, Igor"]
[Result "0-1"]
[WhiteElo "2398"]
[BlackElo "2146"]
[Annotator ""]
[Source ""]
[Remark ""]

1.Nf3 Nf6 2.b3 e6 3.Bb2 d5 4.g3 c5 5.Bg2 Nc6 6.O-O Bd6 7.d4 O-O
8.e3 cxd4 9.exd4 Ne4 10.Ne5 f5 11.f3 Nxe5 12.fxe4 Ng4 13.e5 Be7
14.Qf3 Bg5 15.Re1 Bd7 16.h3 Nh6 17.a4 Rc8 18.Na3 f4 19.g4 Bh4
20.Re2 Bg3 21.Bc1 Qb6 22.Qd3 Be8 23.Bf3 Bg6 24.Qd1 Rc3 25.a5
Qd8 26.Bh1 f3 27.Re3 Bf2+ 28.Kxf2 Qh4+ 0-1

[Event "MetLife Warsaw Najdorf Chess Festival  gr. A"]
[Site "Warszawa"]
[Date "2015.07.10"]
[Round "1.37"]
[White "Snihur, Piotr"]
[Black "Szczepkowska-horowska, Karina"]
[Result "1/2-1/2"]
[WhiteElo "2124"]
[BlackElo "2392"]
[Annotator ""]
[Source ""]
[Remark ""]

1.d4 d6 2.c4 Nf6 3.Nc3 Nbd7 4.e4 e5 5.Nf3 Be7 6.Be2 O-O 7.O-O
c6 8.Re1 a6 9.a4 a5 10.Qc2 exd4 11.Nxd4 Nc5 12.Bf4 Re8 13.Rad1
Qb6 14.h3 Bf8 15.Bf1 Be6 16.Bg5 Nfd7 17.f4 f6 18.Bh4 Bf7 19.Bf2
Rad8 20.Be2 Nb8 21.b3 Nba6 22.Bf3 Nb4 23.Qb1 Bg6 24.Re3 Qc7 25.Qc1
Bf7 26.Kh1 g6 27.Qb1 d5 28.exd5 cxd5 29.Nxd5 Nxd5 30.cxd5 Qxf4
31.Qc1 Rxe3 32.Bxe3 Qh4 33.Nf5 Qb4 34.Bxc5 Bxc5 35.Nh6+ Kg7 36.Nxf7
Kxf7 37.Qc4 Bd6 38.Qxb4 axb4 39.Kg1 Rc8 40.Rd3 Rc2 41.Kf1 b6
42.Bd1 Rb2 43.g4 h6 44.Ke1 Rh2 45.Rf3 Be5 46.Be2 Ke7 47.Kd1 Kd6
48.Bd3 g5 49.Bc4 Bf4 50.Ke1 Kc5 51.Rd3 Be5 52.Rf3 Rc2 53.Kd1
Rg2 54.Ke1 Bf4 55.Rd3 Rc2 56.Kd1 Ra2 57.Bb5 Be5 58.Bc4 Rb2 59.Ke1
Kd6 60.Rf3 Bc3+ 61.Kd1 Rd2+ 62.Kc1 Rh2 63.Kd1 Rh1+ 64.Kc2 Re1
65.Kd3 1/2-1/2

[Event "MetLife Warsaw Najdorf Chess Festival  gr. A"]
[Site "Warszawa"]
[Date "2015.07.10"]
[Round "1.38"]
[White "Czerwonski, Aleksander"]
[Black "Nowak, Lukasz"]
[Result "1-0"]
[WhiteElo "2375"]
[BlackElo "2116"]
[Annotator ""]
[Source ""]
[Remark ""]

1.d4 Nf6 2.c4 e6 3.Nf3 Bb4+ 4.Nbd2 O-O 5.a3 Be7 6.e3 d5 7.Qc2
Nbd7 8.c5 a5 9.Bd3 c6 10.b3 Qc7 11.Bb2 b6 12.cxb6 Qxb6 13.Ne5
c5 14.O-O h6 15.f4 Ba6 16.Rf3 Rac8 17.Bxa6 Qxa6 18.Qd1 c4 19.bxc4
dxc4 20.Rc1 Nb6 21.e4 Qb5 22.Rb1 Rfd8 23.g4 Na4 24.Ba1 Qe8 25.Ndxc4
Nxe4 26.Re3 Nf6 27.g5 Nd5 28.Rg3 hxg5 29.fxg5 Bxg5 30.Rxg5 f6
31.Rg3 fxe5 32.Qg4 Qe7 33.Nxe5 Nac3 34.Ng6 Qf7 35.Rf1 Nf6 36.Qh4
Ne2+ 37.Kg2 Qb7+ 38.Rff3 Kf7 39.Ne5+ Kg8 40.Ng6 Kf7 41.d5 Qxd5
42.Ne5+ Kg8 43.Rxg7+ 1-0

[Event "MetLife Warsaw Najdorf Chess Festival  gr. A"]
[Site "Warszawa"]
[Date "2015.07.10"]
[Round "1.39"]
[White "Karpus, Michal"]
[Black "Johannesson, Ingvar Thor"]
[Result "0-1"]
[WhiteElo "2114"]
[BlackElo "2372"]
[Annotator ""]
[Source ""]
[Remark ""]

1.e4 e6 2.Nf3 d5 3.Nc3 Nf6 4.e5 Nfd7 5.d4 c5 6.dxc5 Nc6 7.Bf4
a6 8.Bd3 Nxc5 9.O-O Nxd3 10.cxd3 Be7 11.Re1 O-O 12.Rc1 Bd7 13.a3
Re8 14.b4 b5 15.Qb3 a5 16.Nxb5 axb4 17.axb4 Rb8 18.Nbd4 Nxd4
19.Nxd4 Bxb4 20.Qd1 Bxe1 21.Qxe1 Rb2 22.Qd1 Qb6 23.Be3 Qb8 24.Qg4
Rb1 25.Ne2 Rxc1+ 26.Nxc1 Qxe5 27.Ne2 Qa1+ 28.Nc1 Rc8 29.Qd1 Ba4
30.Qe1 Qc3 31.Bd2 Qc2 0-1

[Event "MetLife Warsaw Najdorf Chess Festival  gr. A"]
[Site "Warszawa"]
[Date "2015.07.10"]
[Round "1.40"]
[White "Hnydiuk, Aleksander"]
[Black "Bus, Konrad"]
[Result "1/2-1/2"]
[WhiteElo "2370"]
[BlackElo "2108"]
[Annotator ""]
[Source ""]
[Remark ""]

1.d4 Nf6 2.c4 e6 3.Nf3 Bb4+ 4.Bd2 Qe7 5.g3 Bxd2+ 6.Qxd2 Nc6 7.Nc3
d5 8.b3 O-O 9.Bg2 Rd8 10.O-O dxc4 11.bxc4 Nxd4 12.Nxd4 e5 13.Nd5
Nxd5 14.cxd5 exd4 15.Rab1 c5 16.dxc6 bxc6 17.Bxc6 Bh3 18.Bxa8
Bxf1 19.Kxf1 Rxa8 20.Qxd4 g6 21.Rb5 Rc8 22.Rd5 Qa3 23.Rd8+ Rxd8
24.Qxd8+ Kg7 25.Qd4+ Kg8 26.Qd5 Qa6 27.g4 h6 28.h4 Kg7 29.Qd4+
Kh7 30.Qd5 Kg7 31.f4 Qa3 32.Kg2 Qa4 33.Kf3 Qa3+ 34.e3 Qa6 35.Kf2
Qa3 36.h5 gxh5 37.gxh5 Qb2+ 38.Kg3 Qe2 39.Qd4+ Kg8 40.Qxa7 Qe1+
41.Kf3 Qh1+ 42.Kf2 Qh4+ 43.Kg2 Qg4+ 44.Kf1 Qd1+ 45.Kf2 Qd2+ 46.Kf3
Qd1+ 47.Ke4 Qb1+ 48.Ke5 Qb2+ 49.Kd5 Qd2+ 50.Kc6 Qc2+ 51.Kb6 Qb2+
52.Kc7 Qc3+ 53.Kd8 Qf6+ 54.Kc8 Qe6+ 55.Kb8 Qe8+ 56.Kb7 Qe4+ 57.Ka6
Qc6+ 58.Ka5 Qc3+ 59.Kb5 Qd3+ 60.Kb4 Qd2+ 61.Kc4 Qc2+ 62.Kd4 Qb2+
63.Kd5 Qd2+ 64.Kc6 Qc2+ 65.Kd7 Qf5+ 66.Kc7 Qc2+ 67.Kd8 Qd2+ 68.Ke8
Qd5 69.a4 Qe6+ 70.Kd8 Qd6+ 71.Kc8 Qc6+ 72.Kb8 Qd6+ 73.Kb7 Qb4+
74.Kc6 Qc4+ 75.Kb7 Qb4+ 76.Qb6 Qxa4 77.Qxh6 Qe4+ 78.Qc6 Qxe3
79.Qc8+ Kg7 80.Qg4+ Kf8 81.Qg5 Qe4+ 82.Kc7 Qc4+ 83.Kb6 Qb4+ 84.Kc6
Qa4+ 85.Kd5 Qb5+ 86.Kd4 Qb4+ 87.Kd3 Qb3+ 88.Ke2 Qc2+ 89.Kf3 Qd3+
90.Kf2 Qd2+ 91.Kf3 Qd3+ 92.Kg4 Qe2+ 93.Kg3 Qe1+ 94.Kf3 Qf1+ 95.Ke3
Qe1+ 96.Kd4 Qb4+ 97.Kd5 Qb5+ 98.Kd6 Qb6+ 99.Kd7 Qb7+ 100.Kd6 1/2-1/2

[Event "MetLife Warsaw Najdorf Chess Festival  gr. A"]
[Site "Warszawa"]
[Date "2015.07.10"]
[Round "1.41"]
[White "Woloch, Oskar"]
[Black "Nasuta, Grzegorz"]
[Result "0-1"]
[WhiteElo "2108"]
[BlackElo "2365"]
[Annotator ""]
[Source ""]
[Remark ""]

1.e4 c5 2.Nc3 d6 3.f4 g6 4.Nf3 Bg7 5.Bc4 Nc6 6.O-O e6 7.d3 Nge7
8.Qe1 O-O 9.Bb3 d5 10.Qh4 Nd4 11.Nxd4 cxd4 12.Nd1 b6 13.Nf2 Bb7
14.Bd2 a5 15.a4 Rc8 16.Rae1 Ba6 17.exd5 Nxd5 18.Qxd8 Rfxd8 19.Ng4
Rc5 20.Ne5 Rdc8 21.Nc4 Bxc4 22.Bxc4 Rxc4 23.dxc4 Rxc4 24.Rc1
Rxa4 25.Rf3 Ra2 26.Rb1 Bf8 27.Kf1 a4 28.Ke2 a3 29.Rb3 Bc5 30.Kd3
axb2 31.R1xb2 Ra4 32.g3 Kf8 33.Rb1 Ke7 34.c3 dxc3 35.Bxc3 Nxc3
36.Rxc3 f6 37.Rc2 e5 38.fxe5 fxe5 39.Re2 Ke6 40.Rbb2 Kd5 41.Ra2
e4+ 42.Kc3 Rc4+ 43.Kb3 e3 44.Ra8 Rc1 45.Re8 Ra1 46.Kc2 b5 47.h4
Ra2+ 48.Kd1 Ra1+ 49.Kc2 Ra3 50.Re1 Kc4 51.Rb1 Ra2+ 52.Kd1 Rg2
53.h5 Rg1+ 54.Kc2 Rxb1 55.Kxb1 Kd3 56.hxg6 hxg6 57.Kb2 e2 0-1

[Event "Najdorf Memorial"]
[Site "Warszawa"]
[Date "2015.07.11"]
[Round "2.2"]
[White "Volokitin, Andrei"]
[Black "Romanishin, Oleg M"]
[Result "1-0"]
[WhiteElo "2654"]
[BlackElo "2475"]
[Annotator ""]
[Source ""]
[Remark ""]

1.e4 e5 2.Nf3 Nc6 3.Bb5 a6 4.Bxc6 dxc6 5.O-O f6 6.d4 exd4 7.Nxd4
c5 8.Ne2 Qxd1 9.Rxd1 Bd7 10.Be3 O-O-O 11.Nbc3 Re8 12.f3 f5 13.Ng3
Bd6 14.Bf2 f4 15.Nh5 g6 16.Rxd6 cxd6 17.Nxf4 Nh6 18.Bh4 Nf7 19.Bf6
Rhf8 20.Ncd5 Ne5 21.Nb6+ Kc7 22.Nfd5+ Kc6 23.Rd1 Rf7 24.Bxe5
dxe5 25.Nc4 b5 26.Na5+ Kd6 27.Nf6+ Kc7 28.Nxe8+ Bxe8 29.Nb3 c4
30.Nc5 Kb6 31.Ne6 Rf6 32.Ng5 h6 33.Nh3 Bc6 34.Nf2 h5 35.Nh3 b4
36.Ng5 a5 37.Kf2 Ba4 38.b3 cxb3 39.cxb3 Bb5 40.Rd2 a4 41.Rc2
axb3 42.axb3 Bc6 43.Ke3 Bb5 44.Kf2 Bc6 45.Ke3 Bb5 46.Kd2 Rd6+
47.Kc1 Rd3 48.Nf7 Rxb3 49.h4 Re3 50.Nxe5 b3 51.Rd2 Kc5 52.Nxg6
Bd3 53.Kb2 Bc2 54.Nf4 Kc4 55.Re2 1-0

[Event "Najdorf Memorial"]
[Site "Warszawa"]
[Date "2015.07.11"]
[Round "2.3"]
[White "Safarli, Eltaj"]
[Black "Klekowski, Maciej"]
[Result "1/2-1/2"]
[WhiteElo "2649"]
[BlackElo "2475"]
[Annotator ""]
[Source ""]
[Remark ""]

1.e4 c5 2.Nf3 Nc6 3.Bb5 g6 4.O-O Bg7 5.Nc3 Nd4 6.Ba4 Nh6 7.Nxd4
cxd4 8.Ne2 O-O 9.d3 e5 10.Bb3 d6 11.c3 dxc3 12.Nxc3 Ng4 13.h3
Nf6 14.d4 exd4 15.Qxd4 Re8 16.Qd3 Be6 17.Ba4 Bd7 18.Bxd7 Qxd7
19.f3 Rad8 20.Rd1 Nh5 21.Bg5 Be5 22.Bxd8 Qxd8 23.Qe3 Qh4 24.Ne2
f5 25.Rac1 fxe4 26.fxe4 Nf6 27.Rf1 d5 28.Qf3 Qxe4 29.Qxe4 Nxe4
30.Rc2 Kg7 31.Rd1 Nf6 32.g4 Re7 33.Kg2 h6 34.Ng1 d4 35.Re2 Nd5
36.Kf3 Ne3 37.Rc1 Bf6 38.Rd2 Bg5 39.Rxd4 Nf5 40.gxf5 Bxc1 41.fxg6
Bxb2 42.Rg4 h5 43.Rg2 Be5 44.Ne2 Re6 45.Rg5 Bh2 46.Rxh5 Kxg6
47.Rb5 b6 48.Nc3 Rf6+ 49.Kg2 Rc6 50.Kxh2 Rxc3 51.a4 Ra3 1/2-1/2

[Event "Najdorf Memorial"]
[Site "Warszawa"]
[Date "2015.07.11"]
[Round "2.4"]
[White "Durarbayli, Vasif"]
[Black "Matuszewski, Michal"]
[Result "1-0"]
[WhiteElo "2630"]
[BlackElo "2471"]
[Annotator ""]
[Source ""]
[Remark ""]

1.e4 c5 2.Nf3 d6 3.d4 cxd4 4.Nxd4 Nf6 5.Nc3 a6 6.Be3 e5 7.Nb3
Be6 8.h3 Nbd7 9.g4 Rc8 10.Qd2 h6 11.O-O-O b5 12.f4 exf4 13.Bxf4
Ne5 14.Qg2 Qc7 15.Nd5 Nxd5 16.exd5 Bd7 17.Kb1 g6 18.Bxe5 dxe5
19.Bd3 Bg7 20.h4 O-O 21.Rhg1 Rce8 22.Nd2 e4 23.Nxe4 Qe5 24.c3
b4 25.Nc5 Bc8 26.Rde1 Qf4 27.Ref1 Qe5 28.h5 bxc3 29.hxg6 fxg6
30.Bxg6 Bxg4 31.Bxe8 Rxe8 32.Qc2 Be2 33.Nd7 Qd4 34.Nf6+ 1-0

[Event "Najdorf Memorial"]
[Site "Warszawa"]
[Date "2015.07.11"]
[Round "2.5"]
[White "Drozdowski, Kacper"]
[Black "Krasenkow, Michal"]
[Result "0-1"]
[WhiteElo "2468"]
[BlackElo "2610"]
[Annotator ""]
[Source ""]
[Remark ""]

1.e4 g6 2.d4 Bg7 3.Nc3 d6 4.f4 e6 5.Nf3 Ne7 6.Bd3 Nbc6 7.Be3
O-O 8.O-O e5 9.d5 Nd4 10.Bxd4 exd4 11.Ne2 c6 12.dxc6 bxc6 13.Ng3
d5 14.e5 c5 15.b3 f6 16.Qd2 Bh6 17.exf6 Rxf6 18.Ng5 Qd6 19.Rae1
Bd7 20.Re5 Kh8 21.c4 dxc3 22.Qxc3 Bg7 23.N5e4 dxe4 24.Nxe4 Qb6
25.Nxf6 Bxf6 26.Bc4 Nc6 27.Qd2 Bxe5 28.fxe5 Nxe5 29.Re1 Qf6 30.Qd5
Re8 31.Rf1 Qg5 32.h4 Qe3+ 33.Kh2 Ng4+ 34.Kh1 Qg3 0-1

[Event "Najdorf Memorial"]
[Site "Warszawa"]
[Date "2015.07.11"]
[Round "2.6"]
[White "Neiksans, Arturs"]
[Black "Meskovs, Nikita"]
[Result "0-1"]
[WhiteElo "2597"]
[BlackElo "2457"]
[Annotator ""]
[Source ""]
[Remark ""]

1.Nf3 Nf6 2.c4 g6 3.b3 Bg7 4.Bb2 d6 5.d4 O-O 6.g3 c6 7.Bg2 Qa5+
8.Qd2 Qxd2+ 9.Nbxd2 Re8 10.O-O Nbd7 11.e3 a5 12.a3 h6 13.b4 Nb6
14.Rac1 axb4 15.axb4 Ra2 16.Ba1 Bf5 17.Rfe1 Rea8 18.Bc3 Ne4 19.Nxe4
Bxe4 20.Nd2 Bxg2 21.Kxg2 R8a3 22.Nb1 Rb3 23.Nd2 Rxc3 24.Rxc3
Rxd2 25.c5 Nd5 26.Rb3 Ra2 27.cxd6 exd6 28.b5 c5 29.dxc5 dxc5
30.Rd3 Nc3 31.Rd8+ Bf8 32.Rb8 Nxb5 33.Rd1 Nc7 34.Rxb7 Ne6 35.h4
h5 36.Kg1 c4 37.Rc1 Nc5 38.Rb8 Ra4 39.Rc8 Kg7 40.Rc2 Be7 41.Rc6
f6 42.Kg2 Kf7 43.Kg1 Rb4 44.Kf1 Ke8 45.Rc8+ Kd7 46.Rg8 Nd3 47.Ke2
g5 48.Rh8 g4 49.Rxh5 Ne5 50.Rh8 Rb1 51.Rh7 Ke6 52.Rh5 f5 53.e4
fxe4 54.Ke3 Re1+ 55.Kf4 Bd6 56.Rh6+ Kd5 57.Rd2+ Nd3+ 58.Kxg4
c3 59.Ra2 Bc5 60.Rf6 Kc4 61.Rfa6 Nxf2+ 62.Kf5 e3 63.h5 Rh1 64.g4
Kd3 65.R6a5 Bd4 66.Rd5 c2 67.Rxd4+ Kxd4 68.Rxc2 Kd3 69.Rc8 e2
70.Re8 Rh4 71.Kf4 Rxg4+ 72.Kf3 Re4 73.Rd8+ Kc4 74.Rc8+ Kd5 0-1

[Event "Najdorf Memorial"]
[Site "Warszawa"]
[Date "2015.07.11"]
[Round "2.7"]
[White "Warakomski, Tomasz"]
[Black "Piorun, Kacper"]
[Result "1-0"]
[WhiteElo "2449"]
[BlackElo "2591"]
[Annotator ""]
[Source ""]
[Remark ""]

1.e4 c6 2.Nc3 d5 3.Nf3 Bg4 4.h3 Bxf3 5.Qxf3 Nf6 6.d4 dxe4 7.Nxe4
Qxd4 8.Bd3 Nbd7 9.Be3 Qb4+ 10.Bd2 Qb6 11.Bc3 Nd5 12.Bc4 N7f6
13.Nxf6+ gxf6 14.Bxd5 cxd5 15.O-O-O Rd8 16.Rxd5 Bh6+ 17.Kb1 Rxd5
18.Qxd5 Qxf2 19.Qb5+ Kf8 20.Qxb7 Rg8 21.g4 e5 22.h4 Qb6 23.Qe4
Bf4 24.g5 Kg7 25.a4 Rc8 26.gxf6+ Qxf6 27.Rg1+ Kh6 28.Qf3 Qc6
29.Qg4 Qg6 30.Qd1 Qf6 31.Rg5 Bxg5 32.hxg5+ Kxg5 33.Bd2+ Kh4 34.Qh1+
Kg3 35.Be1+ Kg4 36.Qg2+ Kh5 37.Qh3+ Kg6 38.Qg4+ Qg5 39.Qxc8 Qf4
40.Qa6+ f6 41.Qxa7 Qg4 42.Bd2 h5 43.a5 h4 44.Qa8 Kg7 45.a6 h3
46.Qb7+ 1-0

[Event "Najdorf Memorial"]
[Site "Warszawa"]
[Date "2015.07.11"]
[Round "2.8"]
[White "Blahynka, Martin"]
[Black "Dragun, Kamil"]
[Result "1-0"]
[WhiteElo "2420"]
[BlackElo "2586"]
[Annotator ""]
[Source ""]
[Remark ""]

1.d4 d5 2.c4 c6 3.Nc3 Nf6 4.Nf3 a6 5.cxd5 cxd5 6.Bf4 Nc6 7.e3
Bg4 8.h3 Bxf3 9.Qxf3 e6 10.Bd3 Bd6 11.Bg5 h6 12.Bh4 O-O 13.g4
Be7 14.Bg3 Qb6 15.Rb1 Nb4 16.Be2 Rac8 17.Kf1 Nh7 18.h4 f5 19.a3
Nc2 20.Kg2 f4 21.Bxf4 Bd6 22.Nxd5 Qb3 23.Qe4 exd5 24.Qe6+ Kh8
25.Qxd6 Rcd8 26.Qg6 Rxf4 27.exf4 Nxd4 28.Rh3 Qa2 29.Qb6 Ne6 30.Re1
Nxf4+ 31.Kh2 Rf8 32.Rf3 Nxe2 33.Rxf8+ Nxf8 34.Qb4 Nd7 35.Rxe2
Qb1 36.Qxb7 Nf6 37.Qc8+ 1-0

[Event "Najdorf Memorial"]
[Site "Warszawa"]
[Date "2015.07.11"]
[Round "2.9"]
[White "Mista, Aleksander"]
[Black "Krzyzanowski, Marcin"]
[Result "1-0"]
[WhiteElo "2585"]
[BlackElo "2427"]
[Annotator ""]
[Source ""]
[Remark ""]

1.e4 e5 2.Nf3 Nc6 3.d4 exd4 4.Bc4 Be7 5.Nxd4 d6 6.Nc3 Nf6 7.Bf4
O-O 8.O-O Nxd4 9.Qxd4 Be6 10.Rad1 Qc8 11.Rfe1 Nh5 12.Bc1 Bf6
13.Qd3 Bxc3 14.Qxc3 Bxc4 15.Qxc4 Re8 16.b3 Re6 17.f4 Nf6 18.Bb2
c6 19.Qd3 Qe8 20.Qg3 Nh5 21.Qh4 Rh6 22.f5 Nf6 23.Qg3 Qf8 24.Bc1
Rh5 25.Rxd6 Qe7 26.Bb2 Rg5 27.Qe5 Qxe5 28.Bxe5 Re8 29.Bxf6 gxf6
30.Kf2 Kg7 31.Re3 Re7 32.Kf3 h5 33.g3 a5 34.h3 Re5 35.Red3 Rc5
36.c3 b5 37.Rd7 a4 38.Ra7 axb3 39.axb3 Kg8 40.Kf4 1-0

[Event "Najdorf Memorial"]
[Site "Warszawa"]
[Date "2015.07.11"]
[Round "2.10"]
[White "Johannesson, Ingvar Thor"]
[Black "Tomczak, Jacek"]
[Result "1/2-1/2"]
[WhiteElo "2372"]
[BlackElo "2579"]
[Annotator ""]
[Source ""]
[Remark ""]

1.Nf3 Nf6 2.c4 e6 3.g3 a6 4.b3 b5 5.Nc3 b4 6.Na4 Bb7 7.Bg2 Be7
8.O-O d6 9.d4 O-O 10.Bb2 Qc8 11.a3 a5 12.axb4 axb4 13.Qd2 Na6
14.Rfd1 Ne4 15.Qc2 f5 16.Ne1 Ng5 17.d5 f4 18.h4 fxg3 19.fxg3
Nf7 20.Be4 Ne5 21.Bxe5 dxe5 22.dxe6 Bxe4 23.Qxe4 Qxe6 24.Kg2
Qg6 25.Qxg6 hxg6 26.e4 Bc5 27.Nf3 Bd4 28.Nxd4 exd4 29.Rxd4 Nc5
30.Rb1 Nxa4 31.bxa4 Rxa4 32.c5 Ra2+ 33.Kh3 Rc2 1/2-1/2

[Event "Najdorf Memorial"]
[Site "Warszawa"]
[Date "2015.07.11"]
[Round "2.11"]
[White "Zhigalko, Andrey"]
[Black "Czerwonski, Aleksander"]
[Result "1-0"]
[WhiteElo "2574"]
[BlackElo "2375"]
[Annotator ""]
[Source ""]
[Remark ""]

1.d4 Nf6 2.c4 e6 3.Nc3 Bb4 4.Qc2 d5 5.cxd5 Qxd5 6.Nf3 Qf5 7.Qb3
c5 8.a3 Bxc3+ 9.Qxc3 Nbd7 10.g4 Qd5 11.Bg2 cxd4 12.Qxd4 Nc5 13.Qxd5
Nxd5 14.Nd4 Bd7 15.Bd2 O-O 16.O-O Rfd8 17.Rfc1 Rac8 18.h3 Ba4
19.Bg5 Re8 20.e4 Nb6 21.e5 h6 22.Be3 Nd3 23.Rxc8 Rxc8 24.b3 Bc6
25.Nxc6 bxc6 26.a4 c5 27.Rd1 Nxe5 28.a5 Na8 29.f4 Nc6 1-0

[Event "Najdorf Memorial"]
[Site "Warszawa"]
[Date "2015.07.11"]
[Round "2.12"]
[White "Nasuta, Grzegorz"]
[Black "Markowski, Tomasz"]
[Result "1/2-1/2"]
[WhiteElo "2365"]
[BlackElo "2566"]
[Annotator ""]
[Source ""]
[Remark ""]

1.e4 c5 2.Nf3 e6 3.d4 cxd4 4.Nxd4 a6 5.Bd3 Nf6 6.O-O d6 7.c4
b6 8.Nc3 Bb7 9.Qe2 Nbd7 10.f4 Be7 11.Kh1 O-O 12.b3 g6 13.Bb2
e5 14.fxe5 Nxe5 15.Nd5 Re8 16.Rae1 Nfd7 17.Nxe7+ Qxe7 18.Bb1
Rac8 19.Qf2 f6 20.Ne2 Rf8 1/2-1/2

[Event "Najdorf Memorial"]
[Site "Warszawa"]
[Date "2015.07.11"]
[Round "2.13"]
[White "Olszewski, Michal"]
[Black "Nguyen, Piotr"]
[Result "1-0"]
[WhiteElo "2562"]
[BlackElo "2273"]
[Annotator ""]
[Source ""]
[Remark ""]

1.d4 Nf6 2.c4 g6 3.Nc3 Bg7 4.e4 d6 5.h3 O-O 6.Bg5 c5 7.d5 b5
8.cxb5 a6 9.a4 Qa5 10.Bd2 Qb4 11.Bd3 c4 12.Bc2 Nfd7 13.Nge2 Nc5
14.O-O Nbd7 15.Na2 Qxb2 16.Nec3 Nd3 17.Rb1 Qa3 18.Bxd3 cxd3 19.Rb3
Qc5 20.Be3 Bd4 21.Bxd4 Qxd4 22.Rb4 Qc5 23.Qxd3 axb5 24.Nxb5 Ba6
25.Rc1 Qb6 26.Qb1 Bxb5 27.axb5 Ra3 28.Rb3 Ra5 29.Rc6 Qd4 30.Rb4
Qe5 31.b6 Nb8 32.b7 Rc5 33.Rc8 f5 34.Rxf8+ Kxf8 35.Ra4 Kf7 36.Ra8 1-0

[Event "Najdorf Memorial"]
[Site "Warszawa"]
[Date "2015.07.11"]
[Round "2.14"]
[White "Stoma, Pawel"]
[Black "Bromberger, Stefan"]
[Result "0-1"]
[WhiteElo "2353"]
[BlackElo "2556"]
[Annotator ""]
[Source ""]
[Remark ""]

1.d4 Nf6 2.Nf3 e6 3.c3 d5 4.Bf4 Nc6 5.e3 Ne4 6.Bd3 g5 7.Be5 f6
8.Bxe4 dxe4 9.Nfd2 h5 10.Bxf6 Qxf6 11.Nxe4 Qf5 12.Nbd2 b6 13.f4
gxf4 14.O-O Bh6 15.exf4 h4 16.Ng5 Ba6 17.Qh5+ Kd7 18.Rf2 Raf8
19.Re1 Bxg5 20.Qxg5 Qxg5 21.fxg5 Rxf2 22.Kxf2 Bd3 23.Ke3 Bf5
24.Nf3 Rh5 25.Kf4 Ne7 26.Ke5 Bg4 27.Rg1 Rh8 28.Kf4 Bxf3 29.gxf3
Ke8 30.Ke5 Kf7 31.f4 Rd8 32.Ke4 Ng6 33.Rf1 Ne7 34.a4 Rd5 35.c4
Rf5 36.Rf3 c6 37.b4 a6 38.Rh3 Ng6 39.Rf3 b5 40.axb5 axb5 41.cxb5
cxb5 42.Rf1 Ne7 43.Rg1 Kg6 44.Rg4 Kh5 45.h3 Rd5 46.Rg1 Nf5 47.Rc1
Rxd4+ 48.Ke5 Rxb4 49.Rc5 Ng3 50.Kxe6 Re4+ 51.Kd6 b4 0-1

[Event "Najdorf Memorial"]
[Site "Warszawa"]
[Date "2015.07.11"]
[Round "2.15"]
[White "Wisniowska, Klaudia"]
[Black "Bajarani, Ulvi"]
[Result "0-1"]
[WhiteElo "2186"]
[BlackElo "2515"]
[Annotator ""]
[Source ""]
[Remark ""]

1.e4 e6 2.d4 d5 3.Nc3 Bb4 4.e5 c5 5.a3 Bxc3+ 6.bxc3 Qc7 7.Nf3
Ne7 8.h4 h6 9.h5 b6 10.Bb5+ Bd7 11.Bd3 Ba4 12.Rb1 Nd7 13.Rh4
c4 14.Be2 O-O-O 15.Rf4 f6 16.Rg4 Rdg8 17.exf6 Nxf6 18.Bf4 Qd8
19.Ne5 Qe8 20.Rg3 g6 21.hxg6 Nxg6 22.Nxg6 Rxg6 23.Rb4 Rxg3 24.Bxg3
Ne4 25.Bh5 Qd7 26.Be5 Rg8 27.Bf3 Kb7 28.Bxe4 dxe4 29.g3 Bc6 30.Rxc4
e3 31.fxe3 Qd5 32.Rb4 Rf8 33.Bf4 a5 34.Rb3 e5 35.Qh5 exf4 36.Qxh6
Qf3 37.Qg7+ Ka6 38.Qxf8 Qxe3+ 39.Kf1 Qf3+ 40.Ke1 Qxg3+ 41.Kf1
Qf3+ 42.Ke1 Qe3+ 43.Kf1 Qc1+ 0-1

[Event "Najdorf Memorial"]
[Site "Warszawa"]
[Date "2015.07.11"]
[Round "2.16"]
[White "Kanarek, Marcel"]
[Black "Teclaf, Pawel"]
[Result "1-0"]
[WhiteElo "2508"]
[BlackElo "2235"]
[Annotator ""]
[Source ""]
[Remark ""]

1.d4 Nf6 2.c4 c6 3.Nc3 d5 4.Nf3 dxc4 5.a4 Bf5 6.e3 e6 7.Bxc4
Bb4 8.O-O Nbd7 9.Qe2 Bg6 10.Rd1 O-O 11.Bd3 Bxd3 12.Rxd3 Qe7 13.e4
e5 14.Nxe5 Nxe5 15.dxe5 Qxe5 16.f3 Rad8 17.Be3 Nh5 18.Rad1 Rxd3
19.Qxd3 Nf4 20.Qc4 Bxc3 21.Bxf4 Qxf4 22.Qxc3 Qc7 23.Qd4 b5 24.axb5
cxb5 25.e5 Rc8 26.f4 h5 27.f5 Qc5 28.b4 Qxd4+ 29.Rxd4 Ra8 30.Rd5
a5 31.bxa5 Rxa5 32.Kf2 Kf8 33.f6 Ra8 34.Rxb5 Kg8 35.e6 gxf6 36.e7
Kg7 37.Rb2 f5 38.Re2 Re8 39.Kf3 h4 40.Kf4 Kf6 41.h3 Kg6 42.Re5
Kf6 43.Rxf5+ Ke6 44.Re5+ Kf6 45.Ke4 Rxe7 46.Rxe7 Kxe7 47.Kf5
Kd6 48.Kf6 Kd5 49.Kxf7 1-0

[Event "Najdorf Memorial"]
[Site "Warszawa"]
[Date "2015.07.11"]
[Round "2.17"]
[White "Kowalski, Igor"]
[Black "Kveinys, Aloyzas"]
[Result "1/2-1/2"]
[WhiteElo "2146"]
[BlackElo "2497"]
[Annotator ""]
[Source ""]
[Remark ""]

1.c4 Nf6 2.Nc3 e5 3.g3 Bb4 4.Bg2 O-O 5.e4 Bxc3 6.bxc3 d6 7.Ne2
Nc6 8.O-O a6 9.d3 Nd7 10.Be3 Qe7 11.f4 b5 12.cxb5 axb5 13.f5
Ba6 14.Qd2 f6 15.a4 Nc5 16.Qa2+ Qf7 17.Qd5 Ne7 18.Qxf7+ Kxf7
19.axb5 Bxb5 20.c4 Bc6 21.Bxc5 dxc5 22.Kf2 Rfb8 23.g4 Rb2 24.Rxa8
Bxa8 25.Ra1 Bc6 26.Ra5 Ke8 27.Ke3 Kd7 28.Bf3 Kd6 29.h4 Nc8 30.Ng3
Be8 31.Ra8 Kd7 32.Bd1 Kd8 33.Ba4 Bxa4 34.Rxa4 Rg2 35.Kf3 Rd2
36.Ke3 Rg2 37.Kf3 1/2-1/2